A short history of english literature
Tallennettuna:
| Päätekijä: | |
|---|---|
| Aineistotyyppi: | Kirja |
| Kieli: | englanti |
| Julkaistu: |
Oxford
Clarendon Press
1934
|
| Aiheet: | |
| Tagit: |
Lisää tagi
Ei tageja, Lisää ensimmäinen tagi!
|
MARC
| LEADER | 00000nam a2200000 a 4500 | ||
|---|---|---|---|
| 001 | UCQ4365 | ||
| 003 | CL-VaPUC | ||
| 008 | 980904e19340000UK |||||||||||||||||eng|d | ||
| 082 | 0 | 4 | |a 820.9 |b LEG |2 21 |
| 100 | |a Legouis, Emile |e author |9 418601 | ||
| 245 | 1 | 2 | |a A short history of english literature |
| 300 | |a 404 p | ||
| 942 | |c BK | ||
| 945 | |d 19980904 00:00:00 |a crobeson | ||
| 260 | |a Oxford |b Clarendon Press |c 1934 | ||
| 650 | 0 | |a Literatura inglesa |9 312907 | |
| 650 | 0 | |a Historia y crítica |9 257407 | |
| 583 | |a last modification |c 19980904 00:00:00 |k Rodrigo Vera | ||
| 999 | |c 274749 |d 274747 | ||
| 952 | |0 0 |1 0 |4 0 |6 820_900000000000000_LEG_1934 |7 0 |8 A |9 311052 |a BIBEDU |b BIBEDU |d 2019-11-20 |i 1463365 |o 820.9 LEG 1934 |p 1463365 |r 2019-11-20 |w 2019-11-20 |y BK |k LIT | ||